000 00302nam a2200121Ia 4500
008 240731s9999 xx 000 0 und d
022 _a2374-5126
245 0 _aEuropean Politics and Society
260 _bRoutledge
856 _uhttps://www.tandfonline.com/loi/rpep21
942 _2ddc
942 _cTFEJ
999 _c76543
_d76543
945 _a1
_bMadushi Gamage
_c1
_dMadushi Gamage